000 00557nam a2200217Ia 4500
003 OSt
005 20220928150050.0
006 a|||||r|||| 00| 0
007 ta
008 220927b |||||||| |||| 00| 0 eng d
024 _a87124
037 _cTextual
040 _aSDCL
_cSDCL
_beng
041 _2eng
_aeng
082 _aO-,6Lx, M4
100 _aButler Marilyn
_9496079
245 0 _aBurke,Paine, Godwin, and the revolution controversy.
260 _c1984
942 _hO-,6Lx, M4
_cTEXL
_2CC
999 _c839143
_d839143